000 00256nmm a2200085Ia 4500
008 220120s9999||||xx |||||||||||||||||und||
100 _aDigit
245 0 _aUltimate movie making guide, adobe after effects, 30 tutoria
260 _aNine dot nine interactive ltd.
999 _c139804
_d139804